000 02608nam0a2200409 4500
001 RU\NLR\BIBL_A\022666217
005 20260204143253.0
010 _a978-5-4437-1671-8
_9500
021 _aRU
_bКН-П-25-058572
_9КН-П-25-5645
035 _a(NLR Aleph) 022666217
090 _a13543889
_c13543889
100 _a20251114d2024 u y0rusy50 ca
101 0 _arus
102 _aRU
105 _aa j 001yy
181 0 _ai3
_baxxe
182 0 _an
200 1 _aОрганическая химия. Кислород- и азотсодержащие соединения
_eдва уровня обучения
_eучебное пособие
_fА. В. Мануйлов, П. А. Демаков, Е. Д. Новикова [и др.]
_gпод ред. С. Г. Барам
_gМинистерство науки и высшего образования РФ, Новосибирский государственный университет, Специализированный учебно-научный центр
203 _aТекст
_bвизуальный
_cнепосредственный
210 _aНовосибирск
_cИздательско-полиграфический центр НГУ
_d2024
215 _a281 с.
_cил., табл., цв. ил.
_d25
300 _aАвт. указаны на обороте тит. с.
320 _aБиблиогр.: с. 281 (4 назв.)
320 _aПредм. указ.: с. 271-281
606 1 _aКислородсодержащие органические соединения
_jУчебные издания для высших учебных заведений
_2nlr_sh1
_2nlr_sh2
_3RU\NLR\AUTH\6622242
606 1 _aАзотсодержащие органические соединения
_jУчебные издания для высших учебных заведений
_2nlr_sh2
_3RU\NLR\AUTH\661274105
686 1 _aГ23я73-1
701 1 _aМануйлов
_bА. В.
_gАлександр Викторович
701 1 _aДемаков
_bП. А.
_gПавел Андреевич
701 1 _aНовикова
_bЕ. Д.
_gЕвгения Дмитриевна
702 1 _aБарам
_bС. Г.
_f1946-
_gСветлана Григорьевна
_4340
712 0 2 _aНовосибирский национальный исследовательский государственный университет
_bСпециализированный учебно-научный центр
_3RU\NLR\AUTH\880635273
_4475
942 _cBOOK
980 _aNB